| 000 | 00571nam a2200229Ia 4500 | ||
|---|---|---|---|
| 003 | OSt | ||
| 005 | 20220918200948.0 | ||
| 006 | a|||||r|||| 00| 0 | ||
| 007 | ta | ||
| 008 | 220917b |||||||| |||| 00| 0 eng d | ||
| 024 | _a90,996 | ||
| 037 | _cTextual | ||
| 040 |
_aARTS _cARTS _beng |
||
| 041 |
_2eng _aeng |
||
| 082 | _aVv5:N5, J9 | ||
| 100 |
_aAntoni Carlo _996183 |
||
| 245 | 0 | _aFrom history to sociology tr by Hayden V White | |
| 260 | _c1959 | ||
| 650 | _aHISTORY | ||
| 942 |
_hVv5:N5, J9 _cTEXL _2CC |
||
| 999 |
_c214656 _d214656 |
||